Taylor Swift collaborations - Statistics

General Stats
  • This quiz has been taken 20 times
    9 since last reset
  • The average score is 36 of 39
Answer Stats
Collaborator Album Song % Correct
Kendrick Lamar N/A Bad Blood (Remix)
100%
Colbie Caillat Fearless Breathe
100%
The National Evermore coney island
100%
Fall Out Boy Speak Now (Taylor's Version) Electric Touch
100%
Ed Sheeran & Future Reputation End Game
100%
Bon Iver Evermore evermore
100%
Florence + The Machine The Tortured Poets Department Florida!!!
100%
Post Malone The Tortured Poets Department Fortnight
100%
HAIM Women in Music Part III Gasoline (Remix)
100%
Tim McGraw & Keith Urban Two Lanes of Freedom Highway Don't Care
100%
Chris Stapleton Red (Taylor's Version) I Bet You Think About Me
100%
Zayn Malik Fifty Shades Darker Soundtrack I Don't Wanna Live Forever
100%
Ice Spice Midnights (Til Dawn Edition) Karma
100%
Brendon Urie Lover ME!
100%
HAIM Evermore no body, no crime
100%
Phoebe Bridgers Red (Taylor's Version) Nothing New
100%
Big Red Machine How Long Do You Think It's Gonna Last? Renegade
100%
Lana Del Rey Midnights Snow on the Beach
100%
The Chicks Lover Soon You'll Get Better
100%
Keith Urban Fearless (Taylor's Version) That's When
100%
Sabrina Carpenter The Life of a Showgirl The Life of a Showgirl
100%
Gracie Abrams The Secret of Us us.
100%
Maren Morris Fearless (Taylor's Version) You All Over Me
100%
Bleachers N/A Anti-Hero (Remix)
83%
Sugarland Bigger Babe
83%
Big Red Machine How Long Do You Think It's Gonna Last? Birch
83%
Hayley Williams Speak Now (Taylor's Version) Castles Crumbling
83%
Ed Sheeran Red Everything Has Changed
83%
Bon Iver Folklore exile
83%
Paula Fernandes Speak Now World Tour Live (Brazil Edition) Long Live (Remix)
83%
Shawn Mendes N/A Lover (Remix)
83%
Ed Sheeran Red (Taylor's Version) Run
83%
The Civil Wars The Hunger Games Soundtrack Safe & Sound
83%
Ed Sheeran = The Joker and the Queen
83%
Gary Lightbody Red The Last Time
83%
B.o.B. Strange Clouds Both of Us
67%
John Mayer Battle Studies Half of My Heart
67%
The National First Two Pages of Frankenstein The Alcott
67%
Boys Like Girls Love Drunk Two is Better than One
67%
No matching quizzes found
Score Distribution
Percent of People with Each Score
Percentile by Number Answered
Your Score History
You have not taken this quiz since the last reset